01475nam a2200349 a 4500001001000000003000500010005001700015008004100032010001100073011001100084040000900095090001000104100003500114245014700149260004100296500006000337502007700397590003700474590004000511590004000551650004500591650004900636650004600685856001600731856007000747901000700817942001000824942000600834999001900840952013100859952013500990000113859CHAP20220329144416.0171002s2017 mx a fsm |||||||spa d a110320 a111292 cCHAP aTesis1 aCabañas Díaz, Alan913358210aGuía técnica para el manejo intensivo del cultivo del pepino (Cucumis sativus L.) en invernadero /h[En línea]cpor Alan Cabañas Diaz. aChapingo, Méx. :bEl autor,c2017. aPara ver el contenido del material haga clic en la liga aTesis (Ing. Agr. Esp. en Fitotecnia) -- UACH. Departamento de Fitotecnia aBATCHb00c20181121lUCH01h0759 aE8697GMMb05c20171002lUCH01h1406 aE8697GMMb05c20171002lUCH01h141614aPepinoxCultivos hidropónicos.912636214aPepinoxInnovaciones tecnológicas.913358314aPepinoxSistemas de producción.9131502 a1 n0001096 aFinding aiduhttp://10.13.5.2/tesis/sist113859.pdfzTeclea aquí aBK cTESIS n0 c110320d110320 00104054718TESISaBCbBCd2017-10-02fTESISl0oTesisp113861-10r2019-12-31 00:00:00w2019-12-31yTESISzRecien adquirido 00102local4053708TESISaBCbBCcPA_TESISd2017-10-02fTESISl0oTesisp113861-20r2019-12-31 00:00:00tc.2w2019-12-31yTESIS